E-Commerce 2021-2022: (Record no. 200837)

MARC details
000 -LEADER
fixed length control field 00697nam a22001937a 4500
005 - DATE AND TIME OF LATEST TRANSACTION
control field 20240216112409.0
010 ## - LCCN (DPL NO)
LC control number ENG-139305
020 ## - INTERNATIONAL STANDARD BOOK NUMBER
Terms of availability 949.00
International Standard Book Number 9789356060647
035 ## - SYSTEM CONTROL NUMBER
System control number EN-122837
037 ## - SOURCE OF ACQUISITION
Source of stock number/acquisition DBAD/PUB
082 ## - DEWEY DECIMAL CLASSIFICATION NUMBER
Classification number 658.478
Edition number 17
100 ## - MAIN ENTRY--PERSONAL NAME
Personal name Laudon, Kenneth C
245 ## - TITLE STATEMENT
Title E-Commerce 2021-2022:
Remainder of title Business, Technology and Society/
Statement of responsibility, etc By Kenneth C Laudon and Carol Guercio Traver
250 ## - EDITION STATEMENT
Edition statement 17
260 ## - PUBLICATION, DISTRIBUTION, ETC. (IMPRINT)
Place of publication, distribution, etc Uttar Pradesh
Name of publisher, distributor, etc Pearson India Education Pvt Ltd
Date of publication, distribution, etc 2023
270 ## - ADDRESS
City Uttar Pradesh
Address 15th FLoor, Tower-B, World Trade Tower, Plot No.1, Block- C, Sector-16, Noida
Postal code 201301
300 ## - PHYSICAL DESCRIPTION
Extent 910p.
Dimensions 25cm(pb)
Other physical details Index
942 ## - ADDED ENTRY ELEMENTS (KOHA)
Source of classification or shelving scheme Dewey Decimal Classification
Item type English Books
Classification part 658.478
Call number suffix LAU
Edition 17
Holdings
Withdrawn status Lost status Not for loan Collection code Home library Current library Date acquired Source of acquisition Cost, normal purchase price Full call number Barcode Copy number Cost, replacement price Koha item type
      Non-fiction Ashok Vihar Ashok Vihar 16/02/2024 DBAD 949.00 658.478 LAU EN-122837 1 949.00 English Books

© Delhi Public Library
Hit Counter
free hit counter